00578 2200181 4500001002100000008004100021035002000062245012100082100002700203260004700230300002000277020002200297084001600319082001000335650002900345990001100374990001100385INLIS000000000014807 ind  a0010-1022000125 aJangan Ragu!bCatatan Harian Mengenali Diri dan Hidup bagi Engkau yang PeragucRose Kusumaning Ratri; editor, Imamah aROSE, Kusumaning Ratri aYogyakarta :bHijaz Pustaka Mandiri,c2022 a168 hal.c20 cm a978-602-5790-90-4 a153.8 ROS j a153.8 aPSIKOLOGI. MOTIVASI DIRI a9669 a a9669 b